000 00795nam a2200229Ia 4500
005 20240530103534.0
008 140319s9999 xx 000 0 ara d
017 _bمصر. دار الكتب
040 _aGCL /
_cGCL
082 0 4 _a301.24
_bب ت
_221
100 1 _aبولدنج، كينيث
245 1 0 _aالتاريخ الحضارى للقرن العشرين /
_cبولدنج، كينيث ؛ تعريب محمود متولى
260 _aالقاهرة :
_bمكتبة نهضة الشرق،
_c1985
300 _a206 ص
650 0 4 _aالحضارة
_2qrmak
650 0 4 _aالانثربولوجيا
_2qrmak
650 0 4 _aالتغير الاجتماعى
_2qrmak
650 0 4 _aالقرن العشرين
_2qrmak
651 _2qrmak
700 1 _aمحمود متولى
942 _2ddc
_cBK
999 _c40433
_d40433